000 01238nam a2200313 i 4500
001 17974
003 ES-MaACL
005 20230906151729.0
007 t|
008 010810s1991 it |||| | spa d
080 _a327.17(469)"18/19"
080 _a821.134.1.09"18/19"
080 _a821.134.4.09"18/19"
080 _a821.361.09"18/19"
100 1 _aLlera Esteban, Luis de.
_972767
245 1 4 _aLos nacionalismos en España
_b: historia y literatura, 1868-1936 /
_cLuis de Llera, María José Flores.
260 _aTrento :
_bUniversitáa di Trento, Dipartamento di Scienze Filologiche e Storiche,
_c1991.
300 _a196 p. ;
_c22 cm.
490 1 _aTesti e manuali / Dipartimento di scienze filologiche e storiche ;
_v1
650 1 4 _aNacionalismo-
_xEn la literatura.
_915446
650 4 _aLiteratura catalana-
_xHistoria y crítica.
_914515
650 4 _aLiteratura gallega-
_xHistoria y crítica.
_914596
650 1 4 _aLiteratura vasca-
_xHistoria y crítica.
_914670
700 1 _aFlores, María José.
_951266
710 2 _aUniversità degli studi di Trento.
_97472
830 0 _aTesti e manuali / Dipartimento di scienze filologiche e storiche ;
_v1
_9228759
852 _aES-MaACL
_jL-24805
999 _c17974
_d17974